000
00312nam a2200121Ia 4500
008
220204s9999 xx 000 0 und d
082
_a
633.18:631.52
_b
CHA
245
0
_a
Rice breeding
260
_a
Philippines
_b
International Rice Res Inst
_c
1972
650
_a
Rice breeding
700
_a
CHANG, T T
942
_c
BK
999
_c
23595
_d
23595